000 00709cab a2200229 4500
001 WB3240-08
008 090401t1996 xxu||||| |||| 00| 0 eng d
035 _a(Sirsi) u33816
041 _aeng
245 _aGPs look to shopping centre surgeries
260 _c1996
350 _a0
490 _aTimes
_v24 October 1996, 12(1)
520 _aGovernment has proposed moves to `liberate` GPs from existing regulations so as to allow them to set up surgeries in supermarkets, shopping malls and airports.
650 _aAIRPORTS
650 _aDOCTORS' SURGERIES
650 _aHEALTH SECTOR
650 _aSHOPPING CENTRES
690 _aPROPERTY-COMMERCIAL PROPERTY
942 _n0
948 _c04/03/1997
999 _c22512
_d22512